00587cam a22001457a 4500008003800000082001300038100010200051245001800153260003000171500011300201650002900314650002700343650003900370650003200409180718b-- xxu||||| |||| 00| 0 eng d aA45:Z2 C aIndia. Ministry of Consumer Affairs, Food and Public Distribution. Department of Consumer Affairs aAnnual report aNew DelhibThe authorc-- aLibrary has 1977/78-1978/79, 1980/81-1981/82, 1984/85-1988/89, 1989/90 (H), 1990/91-1991/92, 1993/94-2009/10 aConsumer affairs - India aCivil supplies - India aPublic distribution system - India aRationing, Consumer - India